| 000 | 00824nam a2200229 i 4500 | ||
|---|---|---|---|
| 001 | 161387 | ||
| 003 | ES-MaACL | ||
| 005 | 20250303062547.0 | ||
| 008 | 940301s1891 sp |||| | spa d | ||
| 100 | 1 |
_aPardo Bazán, Emilia, _cCondesa de, _d1851-1921 _9176434 |
|
| 245 | 1 | 3 |
_aLa piedra angular _b: novela / _cEmilia Pardo Bazán. |
| 260 |
_aMadrid : _b[s.n.], _c1891 ( _fImp. de A. Pérez Dubrull) |
||
| 300 |
_a334 p. ; _c18 cm. |
||
| 490 | 1 |
_aObras completas ; _v2 |
|
| 530 | _aDisponible en formato digital. | ||
| 752 |
_aEspaña - _dMadrid |
||
| 830 | 0 |
_aObras completas ; _v2 _9176447 |
|
| 852 |
_aES-MaACL _jB-4082 _z- Enc. pasta española, conservando cub. original |
||
| 856 |
_uhttp://bdh-rd.bne.es/viewer.vm?id=0000147716&page=1 _zBiblioteca Digital Hispánica |
||
| 942 | _2udc | ||
| 999 |
_c161387 _d161387 |
||